00580nam a2200157 a 4500008004100000050001400041100002100055245003600076260003100112300001500143350000900158650001500167995009300182999001700275952013000292080109s1972 ||||||||||||||||| || u aHD 38 Cri aCribbin, James L10aEffective Managerial leadership a[New York]bAMACOMc[1972] avii, 264p. a0.00 0aMANAGEMENT D0.00FCBU-MAIN LIBRARY (Kitwe)H1I0.00M1UDAMAGEDZMain Library Open Access Collection c41280d41280 00102lcc4070a001b001cMain Library Open Access Collectiond2022-11-30l0oHD 38 Crip701820r2022-11-30w2022-11-30y002